Revue de Droit international et de Droit Comparé

Salvato in:
Dettagli Bibliografici
Natura: Periodico
Lingua:francese
Pubblicazione: Bruxelles Bruylant 1991
Soggetti:
Tags: Aggiungi Tag
Nessun Tag, puoi essere il primo ad aggiungerne!!

MARC

LEADER 00000nas2a2200000 4500
001 s015314
005 20240109094348.8
041 0 |a fre 
044 |a BE 
245 1 0 |a Revue de Droit international et de Droit Comparé 
264 1 |a Bruxelles  |b Bruylant  |c 1991 
300 |a 1 zv. 
773 0 |w eu_un_cat*s120272 
610 2 0 |a právo medzinárodné 
610 2 0 |a právo porovnávacie